| 000 | 00390cam a22001457a 4500 | ||
|---|---|---|---|
| 008 | 180718b1960 xxu||||| |||| 00| 0 eng d | ||
| 082 | _aA6x51 L113 | ||
| 100 | _aLabin, Suzanne | ||
| 245 |
_aThe Anthill: the human condition in communism China _cby Suzanne Labin |
||
| 260 |
_aLondon _bStevens _c1960 |
||
| 300 | _a442p. | ||
| 500 | _a37/6 | ||
| 650 | _aCommunism - China | ||
| 650 | _aChina | ||
| 999 |
_c369999 _d369999 |
||